000
00213nam a22000857a 4500
008
170209b xxu||||| |||| 00| 0 eng d
100
_9
2819
_a
Murty.S
245
_a
The Magic Drurnad Other
260
_a
India
_b
Penguin
_c
2016
999
_c
6034
_d
6034